[Event "Asia-ch Children-C"]
[Site "Yakutsk"]
[Date "2008.07.05"]
[Round "1"]
[White "Legenko, Ksenia"]
[Black "Enkhtuul, Altanulzii"]
[Result "0-1"]
[WhiteElo "1864"]
[BlackElo "1997"]
[PlyCount "52"]
[EventDate "2008.07.05"]
[EventType "swiss"]
[EventRounds "7"]
[EventCountry "RUS"]
[SourceTitle "EXT 2022"]
[Source "ChessBase"]
[SourceDate "2021.10.06"]
[SourceVersion "1"]
[SourceVersionDate "2021.10.06"]
[SourceQuality "1"]

1. d4 Nf6 2. c4 e5 3. dxe5 Ng4 4. Nf3 Bc5 5. e3 Nc6 6. Nc3 Ngxe5 7. Nxe5 Nxe5 8. Be2 0-0 9. 0-0 Re8 10. a3 a5 11. Rb1 Bf8 12. b4 axb4 13. axb4 d6 14. Nd5 c6 15. Nf4 Bf5 16. Rb3 Qh4 17. Re1 Bg4 18. Bxg4 Nxg4 19. Nh3 Ra2 20. Re2 Rea8 21. Rxa2 Rxa2 22. Bb2 Nf6 23. Qd4 Qe4 24. g3 Qc2 25. Qc3 Qd1+ 26. Kg2 Ne4 0-1